000 01253cab a2200229 4500
001 ABS67765
008 040506n2004 000 0 eng u
035 _a(Sirsi) u126114
100 _aWilkinson, P.
245 _aNo more guessing
260 _c2004
490 _aPremises and Facilities Management
_v April 2004 29-30(2)
520 _aDiscusses an important new development in project planning which makes a successful outcome to an assignment more likely. A new piece of software, PlanWeaver can be used on its own as a planning tool but is more productively used in conjunction with a project management or scheduling system. This provides a higher and more accurate level of planning than previous systems. This is achieved by using the web for virtually real time operations which improves team awareness and any task problems encountered and risks discovered are explicitly stated. This enables time and cost savings to be made which can be transferred to large or complex projects and should provide a rapid return on investment.
590 _aABS
650 _aNEW COMMISSIONS
650 _aSOFTWARE DESIGN
650 _aPLANNING STRATEGY
650 _aCAD
650 _aCAFM
690 _aProject management
_96261
942 _n0
999 _c74389
_d74389